[Event "Heusenstamm Sparkassen op-A 6th"]
[Site "Heusenstamm"]
[Date "2019.11.21"]
[Round "1"]
[White "Maehrlein, Christoph"]
[Black "Tojcic, Josip"]
[Result "1-0"]
[WhiteElo "2053"]
[BlackElo "1773"]
[PlyCount "57"]
[EventDate "2019.11.21"]
[EventType "swiss"]
[EventRounds "7"]
[EventCountry "GER"]
[SourceTitle "CBM 194 Extra"]
[Source "ChessBase"]
[SourceDate "2020.03.31"]
[SourceVersion "1"]
[SourceVersionDate "2020.03.31"]
[SourceQuality "1"]

1. c4 d5 2. cxd5 Nf6 3. Qa4+ Qd7 4. Qxd7+ Nbxd7 5. Nc3 Nb6 6. e4 g6 7. f3 a6 8. d4 Bg7 9. Bf4 Nfd7 10. 0-0-0 c6 11. dxc6 bxc6 12. Be3 0-0 13. Bd3 Rb8 14. Nge2 e5 15. b3 exd4 16. Bxd4 Bh6+ 17. f4 Rd8 18. Kc2 c5 19. Bf2 Bb7 20. Rhg1 Rbc8 21. Bc4 Nxc4 22. bxc4 Bf8 23. Bh4 f6 24. e5 Be7 25. Nd5 Kf7 26. Nec3 Bc6 27. e6+ Kxe6 28. Rge1+ Ne5 29. fxe5 1-0

[Event "Wiesbaden op 30th"]
[Site "Wiesbaden"]
[Date "2018.08.23"]
[Round "1"]
[White "Tojcic, Josip"]
[Black "Marzahn, Heiko"]
[Result "1/2-1/2"]
[WhiteElo "1750"]
[BlackElo "2068"]
[PlyCount "189"]
[EventDate "2018.08.23"]
[EventType "swiss"]
[EventRounds "7"]
[EventCountry "GER"]
[SourceTitle "CBM 186 Extra"]
[Source "ChessBase"]
[SourceDate "2018.08.24"]
[SourceVersion "1"]
[SourceVersionDate "2018.08.24"]
[SourceQuality "1"]

1. d4 f5 2. Nf3 Nf6 3. Bf4 e6 4. e3 Be7 5. Nbd2 0-0 6. Bd3 b6 7. h3 Bb7 8. c3 Ne4 9. Qc2 Nxd2 10. Qxd2 Bf6 11. 0-0 d6 12. Bh2 Nd7 13. Qe2 g5 14. e4 f4 15. Bc4 Qe8 16. Ne1 Kh8 17. f3 e5 18. Rd1 Qe7 19. Kh1 Rae8 20. Bg1 Qg7 21. dxe5 Nxe5 22. Bd4 h5 23. Bxe5 Bxe5 24. Nd3 Re7 25. Nxe5 Qxe5 26. Qf2 Qg7 27. Qd4 Re5 28. Be2 Bc8 29. Kg1 g4 30. hxg4 hxg4 31. Kf2 gxf3 32. Rh1+ Kg8 33. Bc4+ Rf7 34. Rdg1 Qg3+ 35. Kf1 Bg4 36. Bxf7+ Kxf7 37. Qf2 Rxe4 38. Qxg3 fxg3 39. gxf3 Bxf3 40. Rh7+ Kg6 41. Rxc7 g2+ 42. Kf2 Rf4 43. Rxa7 Bd5+ 44. Kg3 Rf1 45. Kh2 Kf5 46. Ra4 Be4 47. Rb4 Rf4 48. Rb5+ d5 49. Rxb6 Kg5 50. Rxg2+ Bxg2 51. Kxg2 Kf5 52. b3 Ke5 53. Rb4 Rf8 54. a4 Kd6 55. Rd4 Kc5 56. b4+ Kc6 57. Rd3 Ra8 58. a5 Rf8 59. Rf3 Rd8 60. Kf2 d4 61. Rd3 Rf8+ 62. Ke2 dxc3 63. Rxc3+ Kb5 64. Rb3 Rd8 65. Rb1 Rd7 66. Ke3 Rd8 67. Ke4 Re8+ 68. Kd5 Rd8+ 69. Ke6 Ka6 70. Ke7 Rd5 71. Rh1 Kb5 72. Rh4 Rd1 73. Ke6 Rd8 74. Ke5 Rd7 75. Rd4 Re7+ 76. Kd6 Ra7 77. Re4 Ra6+ 78. Kc7 Rh6 79. Rd4 Rh7+ 80. Rd7 Rh4 81. Kb7 Rxb4 82. a6 Kc5+ 83. Ka8 Kc6 84. Rb7 Rh4 85. a7 Rh8+ 86. Rb8 Rh7 87. Rg8 Kc7 88. Rf8 Rg7 89. Rb8 Rg6 90. Rb7+ Kc8 91. Rb1 Rc6 92. Rh1 Kc7 93. Rh7+ Kc8 94. Rb7 Rc1 95. Rb6 1/2-1/2

[Event "Hofheim Spring op-B 6th"]
[Site "Hofheim"]
[Date "2018.04.05"]
[Round "5"]
[White "Tojcic, Josip"]
[Black "Wuestehube, Axel"]
[Result "1/2-1/2"]
[WhiteElo "1732"]
[BlackElo "1899"]
[PlyCount "51"]
[EventDate "2018.04.03"]
[EventType "swiss"]
[EventRounds "9"]
[EventCountry "GER"]
[SourceTitle "EXT 2020"]
[Source "ChessBase"]
[SourceDate "2019.10.17"]
[SourceVersion "1"]
[SourceVersionDate "2019.10.17"]
[SourceQuality "1"]

1. d4 d5 2. Nf3 Nf6 3. Bf4 Nh5 4. Bg5 h6 5. Bh4 g5 6. Bg3 Bg7 7. e3 Bg4 8. Nbd2 Nd7 9. Bd3 Nxg3 10. hxg3 e5 11. Be2 Qe7 12. c3 c6 13. dxe5 Nxe5 14. Nxe5 Bxe2 15. Nxc6 Qxe3 16. Qxe2 Qxe2+ 17. Kxe2 bxc6 18. Kd3 Kd7 19. g4 Rab8 20. Kc2 Rhe8 21. Rae1 Re6 22. Nb3 Kd6 23. Rxe6+ fxe6 24. Re1 c5 25. Rd1 e5 26. Nd2 1/2-1/2

[Event "Heusenstamm Sparkassen op-A 4th"]
[Site "Heusenstamm"]
[Date "2017.11.24"]
[Round "2"]
[White "Sever, Mustafa Batuhan"]
[Black "Tojcic, Josip"]
[Result "1-0"]
[WhiteElo "1808"]
[BlackElo "1722"]
[PlyCount "111"]
[EventDate "2017.11.23"]
[EventType "swiss"]
[EventRounds "7"]
[EventCountry "GER"]
[SourceTitle "EXT 2019"]
[Source "ChessBase"]
[SourceDate "2018.10.10"]
[SourceVersion "1"]
[SourceVersionDate "2018.10.10"]
[SourceQuality "1"]

1. e4 c6 2. d4 d5 3. exd5 cxd5 4. Bd3 Nf6 5. h3 e6 6. Nf3 Be7 7. c3 Bd7 8. Bf4 Bc6 9. Nbd2 Nbd7 10. 0-0 0-0 11. Qe2 Nh5 12. Bh2 g6 13. Ne5 Nxe5 14. Qxe5 Bf6 15. Qe2 a6 16. Rfe1 Re8 17. Nf3 Rc8 18. Be5 Bxe5 19. Nxe5 Qg5 20. Qf3 Qf4 21. Re3 Re7 22. Rae1 Kg7 23. g4 Qxf3 24. Rxf3 Nf6 25. g5 Nd7 26. Ng4 Rc7 27. h4 Re8 28. Nf6 Rh8 29. h5 Nxf6 30. gxf6+ Kf8 31. Rg3 Ke8 32. Kg2 Kd7 33. Rh1 Rcc8 34. Kf3 Kd6 35. Kf4 Rce8 36. Rgh3 Rhf8 37. Re1 Rh8 38. hxg6 hxg6 39. Reh1 Rxh3 40. Rxh3 e5+ 41. Kg5 e4 42. Be2 Bd7 43. Rh7 Be6 44. Kh6 Rg8 45. Kg5 Rf8 46. Kh6 Rg8 47. f3 exf3 48. Bxf3 g5 49. Rg7 Rxg7 50. fxg7 f6 51. Kh7 f5 52. g8Q Bxg8+ 53. Kxg8 g4 54. Bd1 g3 55. Bf3 Ke6 56. Kg7 1-0

[Event "Hofheim Spring op-B 5th"]
[Site "Hofheim"]
[Date "2017.04.08"]
[Round "2"]
[White "Tojcic, Josip"]
[Black "Meyer, Marcel"]
[Result "1-0"]
[WhiteElo "1792"]
[BlackElo "1682"]
[PlyCount "95"]
[EventDate "2017.04.07"]
[EventType "swiss"]
[EventRounds "9"]
[EventCountry "GER"]
[SourceTitle "CBM 178 Extra"]
[Source "ChessBase"]
[SourceDate "2017.06.22"]
[SourceVersion "1"]
[SourceVersionDate "2017.06.22"]
[SourceQuality "1"]

1. d4 Nf6 2. Bf4 e6 3. Nf3 c5 4. e3 cxd4 5. exd4 d5 6. Nbd2 Nc6 7. c3 Be7 8. Bd3 0-0 9. Ne5 Nxe5 10. dxe5 Nd7 11. Qh5 g6 12. Qh6 Re8 13. Nf3 Bf8 14. Qh3 Be7 15. g4 Qb6 16. Rb1 Nf8 17. Qg3 Bd7 18. h4 Bb5 19. Bc2 Qa6 20. Nd4 Rac8 21. g5 Bc5 22. Nxb5 Qxb5 23. Bd3 Qc6 24. Qf3 Rc7 25. Rh3 d4 26. Qxc6 bxc6 27. Bd2 Rd8 28. Ke2 Rcd7 29. c4 Rb7 30. h5 Rdd7 31. a3 Rb3 32. hxg6 fxg6 33. Rf3 Rdb7 34. Be4 Rxb2 35. Rxb2 Rxb2 36. Bxc6 Ra2 37. a4 Bb6 38. Kd1 Bc7 39. Bb4 Ra1+ 40. Kc2 Bxe5 41. Rxf8+ Kg7 42. Rd8 Ra2+ 43. Kd3 Rxf2 44. Rd7+ Rf7 45. Bc5 Rxd7 46. Bxd7 Bf4 47. Bxd4+ Kf7 48. Be3 1-0

[Event "Heusenstamm Sparkassen op-A 3rd"]
[Site "Heusenstamm"]
[Date "2016.11.27"]
[Round "5"]
[White "Tojcic, Josip"]
[Black "Hinz, Andre"]
[Result "1/2-1/2"]
[WhiteElo "1850"]
[BlackElo "1693"]
[PlyCount "150"]
[EventDate "2016.11.24"]
[EventType "swiss"]
[EventRounds "7"]
[EventCountry "GER"]
[SourceTitle "EXT 2018"]
[Source "ChessBase"]
[SourceDate "2017.10.13"]
[SourceVersion "1"]
[SourceVersionDate "2017.10.13"]
[SourceQuality "1"]

1. e4 Nc6 2. Nf3 d6 3. d4 g6 4. d5 Nb8 5. Be3 Bg7 6. c3 Nf6 7. Nbd2 Nbd7 8. h3 0-0 9. Bd3 a5 10. Qc2 Nc5 11. Bxc5 dxc5 12. 0-0 e6 13. c4 b5 14. cxb5 exd5 15. exd5 Qxd5 16. Bc4 Qd6 17. Rad1 Bb7 18. Nh2 Rad8 19. Ndf3 Qb6 20. b3 Be4 21. Qe2 h5 22. Ng5 Bd5 23. a4 Rfe8 24. Qc2 Qb7 25. Bxd5 Rxd5 26. Rxd5 Qxd5 27. Ngf3 Rd8 28. Rc1 Ne4 29. Nf1 Bh6 30. Re1 f5 31. Ne3 Bxe3 32. Rxe3 Qd1+ 33. Qxd1 Rxd1+ 34. Re1 Rxe1+ 35. Nxe1 Nd2 36. Nf3 Nxb3 37. Ne5 Nd2 38. Nxg6 Kf7 39. Nf4 Ke7 40. Nxh5 Ne4 41. Ng3 Nc3 42. Nxf5+ Ke6 43. Ne3 Nxa4 44. Nc4 Nc3 45. Nxa5 Nxb5 46. h4 Nd6 47. Kf1 Kf5 48. Ke2 Kf4 49. Nb3 Ne4 50. g3+ Kf5 51. Nd2 Nd6 52. Kd3 Kg4 53. Ne4 c4+ 54. Kd4 c5+ 55. Nxc5 Kf3 56. Ke5 Nf7+ 57. Kf6 Nh6 58. Kg6 Ng4 59. Kg5 Nxf2 60. h5 Ng4 61. Kh4 Nh6 62. Na4 Ng4 63. Nc3 Nh6 64. Nb5 Nf7 65. g4 Kf4 66. Nc3 Nh6 67. Nd5+ Ke5 68. Ne3 c3 69. Kg5 Nf7+ 70. Kg6 Kf4 71. Nd5+ Kxg4 72. Nxc3 Nh8+ 73. Kh6 Nf7+ 74. Kg6 Nh8+ 75. Kh6 Nf7+ 1/2-1/2